1969 1525 1568 1169 1533 1555 1668 1436 1151 1838 1214 1107 1212 1570 1137 1973 1443 1056 1736 1492 1712 1991 1869 1425 1972 1097 1327 1043 1515 1236 1553 1758 1707 1007 1039 1711 1547 1132 1127 1437 1821 1285 1740 1687 1942 1908 1133 1490 1480 1281 1998 1272 1695 1961 1962 1922 1932 1930 1534 1927 1540 1970 1500 1512 1958 1499 1787 1500 1175 1303 1858 1919 1431 1461 1465 1441 1222 1678 1872 1702 1985 1785 1973 1252 1745 1285 1781 1391 1052 1177 1239 1521 1030 1183 1389 1731 1086 1144 1801 BCNSPRNW ULIB Ver.6.0+V

เปลี่ยนเป็นภาษาไทย

Change to English
 แสดงรายละเอียดบรรณานุกรม
  กลับหน้าหลัก

Brief Record : Get Marc (ISO 2709) : E-mail record : QR code < ปิดหน้าต่าง
LEADER : 00000nam 2200000uu 4500
001    13399110596
003     ULIB
008    110603s2547||||th 000 0 tha d
020    9749664647
060 04 WQ209^bช484ก 2547
245 00 การเฝ้าระวังทารกในครรภ์ในเวชปฏิบัติ =^bFetal monitoring in practice /^cชาญชัย วันทนาศิริ, วิทยา ถิฐาพันธ์, ชยวัฒน์ ผาติหัตถการ, บรรณาธิการ
246 31 Fetal monitoring in practice
250    พิมพ์ครั้งที่ 1
260    กรุงเทพฯ :^bสาขาวิชาเวชศาสตร์มารกาและทารกภาควิชาสูติศาสตร์-นรีเวชวิทยา คณะแพทยศาสตร์ศิริราชพยาบาล มหาวิทยาลัยมหิดล,^c2547
300    175 หน้า :^bภาพประกอบ ;^c22 ซม.
650  7 ทารกในครรภ์, การตรวจสภาพ
653    ผลงานอาจารย์คณะแพทยศาสตร์ศิริราชพยาบาล
700 0  ชาญชัย วันทนาศิริ,^eบรรณาธิการ
700 0  วิทยา ถิฐาพันธ์,^eบรรณาธิการ
700 0  ชยวัฒน์ ผาติหัตถการ,^eบรรณาธิการ
710 2  มหาวิทยาลัยมหิดล. ^bคณะแพทยศาสตร์ศิริราชพยาบาล.^bภาควิชาสูติศาสตร์-นรีเวชวิทยา
945    ^p200^l0^i016997
945    ^p200^l0^i016996
995    ทศพร
999 ^a ใช้งานได้ทุกระบบ
รายการนี้ยังไม่มีแท็ก
คุณยังไม่ได้ล็อกอิน คุณสามารถมีกิจกรรมร่วมกับเว็บไซต์ได้ แต่ต้องล็อกอินก่อน ::
  ล็อกอิน

รายการสื่อสารสนเทศ

ลำดับที่ ประเภท เลขเรียก/บาร์โค้ด สถานที่ สถานะ
- ไม่พบข้อมูล -

รายการใกล้เคียง
    หัวเรื่อง [ทารกในครรภ์, การตรวจสภาพ]

BibComment


ยังไม่เคยถูกคอมเมนท์

คอมเมนท์ทรัพยากรรายการนี้
  คอมเมนท์: การเฝ้าระวังทารกใ..


 Copyright 2026. Bcnsprnw @Library